Giáo trình thực hành tổng hợp hoá học vô cơ

Nội dung tài liệu gồm 15 bài tổng hợp các chất và 15 bài mẫu tường trình thí nghiệm tương ứng.

Guardado en:
Detalles Bibliográficos
Autor principal: Nguyễn, Thị Thanh Chi
Formato: Libro
Lenguaje:Undetermined
Publicado: Hà Nội Đại học Sư phạm 2013
Materias:
Etiquetas: Agregar Etiqueta
Sin Etiquetas, Sea el primero en etiquetar este registro!
Thư viện lưu trữ: Trung tâm Học liệu Trường Đại học Cần Thơ
LEADER 00798nam a2200217Ia 4500
001 CTU_199886
008 210402s9999 xx 000 0 und d
020 |c 22000 
082 |a 546 
082 |b Ch300 
100 |a Nguyễn, Thị Thanh Chi 
245 0 |a Giáo trình thực hành tổng hợp hoá học vô cơ 
245 0 |c Nguyễn Thị Thanh Chi (chủ biên) 
260 |a Hà Nội 
260 |b Đại học Sư phạm 
260 |c 2013 
520 |a Nội dung tài liệu gồm 15 bài tổng hợp các chất và 15 bài mẫu tường trình thí nghiệm tương ứng. 
650 |a Chemistry,Hóa học 
650 |x Inorganic,Vô cơ 
904 |i Bằng 
980 |a Trung tâm Học liệu Trường Đại học Cần Thơ